<?xml version="1.0" encoding="UTF-8"?>
<marc:record xmlns:marc="http://www.loc.gov/MARC21/slim">
   <marc:leader>00000nam a2200000 a 4500</marc:leader>
   <marc:datafield ind1="1" ind2=" " tag="100">
      <marc:subfield code="a">O'Hare, Mick</marc:subfield>
      <marc:subfield code="4">edt</marc:subfield>
      <marc:subfield code="e">Bearbeiter/-in</marc:subfield>
   </marc:datafield>
   <marc:datafield ind1="1" ind2=" " tag="100">
      <marc:subfield code="a">Brandau, Birgit</marc:subfield>
      <marc:subfield code="4">trl</marc:subfield>
      <marc:subfield code="e">Übersetzer/-in</marc:subfield>
   </marc:datafield>
   <marc:datafield ind1=" " ind2=" " tag="653">
      <marc:subfield code="a">Naturwissenschaften</marc:subfield>
   </marc:datafield>
   <marc:datafield ind1=" " ind2=" " tag="653">
      <marc:subfield code="a">Kuriosität</marc:subfield>
   </marc:datafield>
   <marc:datafield ind1=" " ind2=" " tag="653">
      <marc:subfield code="a">Nachschlagewerke/Listenbücher</marc:subfield>
   </marc:datafield>
   <marc:datafield ind1=" " ind2=" " tag="653">
      <marc:subfield code="a">Beispielsammlung</marc:subfield>
   </marc:datafield>
   <marc:datafield ind1="0" ind2="0" tag="245">
      <marc:subfield code="a">Wie man einen Wirbelsturm auslöst und andere überraschende Erkenntnisse aus der wunderbaren Welt der Wissenschaft</marc:subfield>
   </marc:datafield>
   <marc:datafield ind1="0" ind2="0" tag="245">
      <marc:subfield code="c">Mick O'Hare (Hg.). Aus dem Engl. von Birgit Brandau</marc:subfield>
   </marc:datafield>
   <marc:datafield ind1=" " ind2="1" tag="264">
      <marc:subfield code="a">Frankfurt, M.</marc:subfield>
      <marc:subfield code="b">Fischer-Taschenbuch-Verl.</marc:subfield>
      <marc:subfield code="c">2011</marc:subfield>
   </marc:datafield>
   <marc:datafield ind1="1" ind2=" " tag="490">
      <marc:subfield code="a">Fischer</marc:subfield>
      <marc:subfield code="v">18793</marc:subfield>
   </marc:datafield>
   <marc:datafield ind1=" " ind2=" " tag="250">
      <marc:subfield code="a">Dt. Erstausg.</marc:subfield>
   </marc:datafield>
   <marc:datafield ind1="1" ind2=" " tag="520">
      <marc:subfield code="a">Angaben aus der Verlagsmeldung

Wie man einen Wirbelsturm auslöst : und andere überraschende Erkenntnisse aus der wunderbaren Welt der Wissenschaft How to Make a Tornado / von Mick O' Hare

Wer um Himmels willen würde:&lt;br&gt;
- seinen Bart mit einem Laser abfackeln?&lt;br&gt;
- einen feuerfesten Regenschirm herstellen, der zudem als Fallschirm zu benutzen ist?&lt;br&gt;
- ›glow- in-the-dark‹-Zahnpasta benutzen, um das Scheinwerferlicht entgegekommender Autos zu reflektieren?&lt;br&gt;
- Polizeispürhunde durch Wüstenmäuse ersetzen?&lt;br&gt;
Das alles kann passieren, wenn Wissenschaftler Dienstschluss haben...&lt;br&gt;
&lt;br&gt;
Aus den Archiven des »New Scientist Magazine«: Eine wunderbar witzige Sammlung kurioser Erfindungen und Experimente, die als - ausgefallene und manchmal brilliante - Nebenprodukte der Wissenschaft entstanden sind. Ein Vergnügen für Freunde des trockenen Humors und alle, die sich für die teils verrückten Ausschweifungen wissenschaftlicher Kreativität begeistern können.
</marc:subfield>
   </marc:datafield>
   <marc:datafield ind1=" " ind2=" " tag="020">
      <marc:subfield code="a">9783596187935</marc:subfield>
      <marc:subfield code="9">9783596187935</marc:subfield>
   </marc:datafield>
   <marc:datafield ind1=" " ind2=" " tag="041">
      <marc:subfield code="a">ger</marc:subfield>
   </marc:datafield>
   <marc:datafield ind1=" " ind2=" " tag="300">
      <marc:subfield code="a">267 S.</marc:subfield>
   </marc:datafield>
</marc:record>
